Statistics for NCAA Men's Basketball Top 50 All Time Points Leaders

Click here to take the quiz!

General Stats

  • This quiz has been taken 36 times
  • The average score is 7 of 50

Answer Stats

#Player NameSchoolTotal Points% Correct
1.Pete MaravichLouisiana State3,667
88%
18.Larry BirdIndiana State2,850
82%
36.Stephen CurryDavidson2,635
58%
32.David RobinsonNavy2,669
52%
13.Oscar RobertsonCincinnati2,973
48%
7.Doug McDermottCreighton3,150
45%
14.Danny ManningKansas2,951
39%
3.Freeman WilliamsPortland State3,249
36%
44.Jimmer FredetteBrigham Young2,599
36%
2.Antoine DavisDetroit Mercy3,664
30%
16.Elvin HayesHouston2,884
24%
24.Hank GathersLoyola Marymount2,723
24%
22.J.J. RedickDuke2,769
24%
17.Tyler HansbroughNorth Carolina2,872
24%
33.Wayman TisdaleOklahoma2,661
15%
11.Hersey HawkinsBradley3,008
12%
21.Allan HoustonTennessee2,801
9%
6.Alphonso FordMiss. Valley State3,165
9%
39.Calbert CheaneyIndiana2,613
9%
5.Lionel SimmonsLa Salle3,217
9%
12.Max AbmasTexas2,993
9%
4.Chris ClemonsCampbell3,225
6%
9.Harry KellyTexas Southern3,066
6%
23.Markus HowardMarquette2,761
6%
26.Reggie LewisNortheastern2,708
6%
20.Kevin BradshawU.S. International2,804
3%
10.Keydren ClarkSaint Peter's3,058
3%
8.Mike DaumS. Dakota State3,067
3%
19.Otis BirdsongHouston2,832
3%
50.Skip HendersonMarshall2,574
3%
37.Troy BellBoston College2,632
3%
25.Tyler HawsBrigham Young2,720
3%
15.Alfrederick HughesLoyola (IL)2,906
0%
31.Bo McCalebbNew Orleans2,679
0%
28.Byron LarkinXavier2,696
0%
48.Calvin NattLouisiana-Monroe2,581
0%
27.Daren QueenanLehigh2,703
0%
29.Darius McGheeLiberty2,685
0%
49.Derrick ChievousMissouri2,580
0%
46.Dickie HemricWake Forest2,587
0%
42.Don MacleanUCLA2,608
0%
43.Henry DomercantEastern Illinois2,602
0%
30.Jermaine MarrowHampton2,680
0%
40.Joe DumarsMcNeese State2,612
0%
47.Joe JakubickAkron2,583
0%
35.Jon ElmoreMarshall2,638
0%
41.Mark MaconTemple2,609
0%
38.Michael BrooksLa Salle2,628
0%
34.Taevion KinseyMarshall2,641
0%
45.Terrance BaileyWagner2,591
0%

Score Distribution

Percentile by Number Answered

Percent of People with Each Score

Your Score History

You have not taken this quiz